Statistics for Европейски първенства по футбол - Топ 4

Click here to take the quiz!

General Stats

  • This quiz has been taken 34 times
  • The average score is 19 of 20

Answer Stats

Answer% Correct
Югославия
100%
Испания
100%
Русия
100%
СССР
100%
ФРГ
100%
Португалия
100%
Германия
100%
Швеция
97%
Франция
97%
Англия
97%
Италия
97%
Гърция
94%
Холандия
90%
Белгия
90%
Дания
90%
Чехия
90%
Чехословакия
90%
Турция
81%
Унгария
77%
Уелс
61%

Score Distribution

Percentile by Number Answered

Percent of People with Each Score

Your Score History

You have not taken this quiz